| 000 | 00509nam a2200181Ia 4500 | ||
|---|---|---|---|
| 999 |
_c1414 _d1414 |
||
| 003 | OSt | ||
| 005 | 20211118105429.0 | ||
| 008 | 190216s9999||||xx |||||||||||||| ||und|| | ||
| 040 | _coclc | ||
| 082 |
_a571.32 _bABR/A |
||
| 100 |
_aAbraham, P C _94902 |
||
| 245 | 0 |
_aAnatomy And Embryology Of Angiosperms / _cP C Abraham |
|
| 250 | _a3rd Ed. | ||
| 260 |
_bMary's Press, _c1987. _aChanganacherry: |
||
| 300 | _a253p | ||
| 650 | _aBotany | ||
| 942 |
_cBK _2ddc _h571.32 _iABR/A _k571.32 _mABR/A |
||